Từ điển pháp luật Anh - Việt

Na minha lista:
Detalhes bibliográficos
Autor principal: Vũ, Trọng Hùng
Formato: Livro
Idioma:Undetermined
Publicado em: Thành phố Hồ Chí Minh Nhà xuất bản Thành phố Hồ Chí Minh 2003
Assuntos:
Tags: Adicionar Tag
Sem tags, seja o primeiro a adicionar uma tag!
Thư viện lưu trữ: Trung tâm Học liệu Trường Đại học Cần Thơ
LEADER 00610nam a2200205Ia 4500
001 CTU_64359
008 210402s9999 xx 000 0 und d
020 |b 160000 
082 |a 340.03 
082 |b H513 
100 |a Vũ, Trọng Hùng 
245 0 |a Từ điển pháp luật Anh - Việt 
245 0 |c Vũ Trọng Hùng 
260 |a Thành phố Hồ Chí Minh 
260 |b Nhà xuất bản Thành phố Hồ Chí Minh 
260 |c 2003 
650 |a Laws 
650 |x Dictionary 
904 |i Nguyênsửa 
980 |a Trung tâm Học liệu Trường Đại học Cần Thơ